Questions impossibles sur Harry Potter - Statistiques

Statistiques générales
  • Ce quiz a été pris 108 fois
  • Le résultat moyen est 4 sur 14
Statistiques - réponses
Hint Réponse % Correct
Citez l'un des cadeaux envoyés par les Dursley à Harry pour Noël mouchoir | cure-dents | pièce
85%
Quel plat Fleur Delacour vient-elle chercher à la table des Gryffondor pendant le banquet qui célèbre l'arrivée des élèves étrangers ? bouillabaisse
47%
Quel est le prénom de la remplaçante de Rubeus Hagrid ? Wilhelmina
39%
Quand Harry et Ron inventent n'importe quoi pour leurs devoirs de divination, quelle catastrophe est supposée arriver deux fois à Ron ? noyade
32%
Citez l'un des passe-temps préférés du professeur Dumbledore selon sa carte de Chocogrenouille bowling | musique de chambre
29%
Quel est le mot de passe du bureau de Dumbledore dans le tome 4 ? nids de cafards
22%
Selon les jumeaux Weasley, que doit faire Harry dans la Chambre des Secrets avec son serpent préféré ? prendre le thé
18%
Que mange Dumbledore le soir de Noël dans le tome 4 ? des côtes de porc
16%
Description de l'autre chaussette verte avec des vifs d'or
16%
Avec qui Parvati Patil va-t-elle danser au bal de Noël (hormis Harry) ? un garçon de Beauxbâtons
14%
Description de l'une des chaussettes offerte par Dobby à Harry dans le tome 4 rouge avec des balais
13%
Comment s'appelle le premier Sombral domestiqué par Hagrid ? Tenebrus
11%
Comment s'appelait la petite amie présumée de Tom Jedusor sr ? Cecilia
10%
Quel astre est couvert "de glace, pas de garces" ? Europe
10%
Aucun quiz correspondant
Distribution des résultats
% des personnes avec chaque résultat
Percentile par nombre de réponses
Votre historique - résultats
Vous n’avez pas pris ce quiz